000 00761nam a2200253Ia 4500
003 OSt
005 20220918215919.0
006 a|||||r|||| 00| 0
007 ta
008 220917b |||||||| |||| 00| 0 eng d
024 _a143,338
037 _cTextual
040 _aARTS
_cARTS
_beng
041 _2eng
_aeng
082 _aY15-41(S).73w, M3
100 _aO'Connell Agnes N
_9135821
245 0 _aModels of achievement
_b Refletions of eminent women in psychology
260 _aNew York
_bColumbia University Press
_c1983
300 _axiii, 338p.
_ccm.
650 _aSOCIOLOGY
700 _a Russo Nancy Felipe
_9135822
942 _hY15-41(S).73w, M3
_cTEXL
_2CC
999 _c266291
_d266291